Электродинамика: учебник

Бібліографічні деталі
Автор: Иванов А. Е. Анатолий Ефремович
Інші автори: Иванов С. А. Сергей Анатольевич
Резюме:Излагаются физические законы и приводятся решения более 300 задач. Особое внимание уделено разъяснению физического смысла и содержания основных законов и понятий науки об электромагнетизме, а также развитию у студентов навыков физического мышления и умения ставить и решать конкретные задачи. Рассматриваются разделы: электростатика, постоянный ток, магнетизм, уравнения Максвелла и переменный ток.
Мова:Російська
Опубліковано: Москва, КноРус, 2012
Предмети:
Формат: MixedMaterials Книга
KOHA link:https://koha.lib.tpu.ru/cgi-bin/koha/opac-detail.pl?biblionumber=203547

MARC

LEADER 00000nam0a2200000 4500
001 203547
005 20231101225146.0
010 |a 9785406014851 
035 |a (RuTPU)RU\TPU\book\221825 
090 |a 203547 
100 |a 20111109d2012 m y0rusy50 ca 
101 0 |a rus 
102 |a RU 
105 |a a j 001zy 
200 1 |a Электродинамика  |e учебник  |f А. Е. Иванов, С. А. Иванов 
210 |a Москва  |c КноРус  |d 2012 
215 |a 565 с.  |c ил. 
320 |a Библиогр.: с. 565. 
330 |a Излагаются физические законы и приводятся решения более 300 задач. Особое внимание уделено разъяснению физического смысла и содержания основных законов и понятий науки об электромагнетизме, а также развитию у студентов навыков физического мышления и умения ставить и решать конкретные задачи. Рассматриваются разделы: электростатика, постоянный ток, магнетизм, уравнения Максвелла и переменный ток. 
606 1 |a Электродинамика  |2 stltpush  |3 (RuTPU)RU\TPU\subj\19944  |9 45105 
610 1 |a электростатика 
610 1 |a постоянный электрический ток 
610 1 |a магнетизм 
610 1 |a электромагнитное поле 
610 1 |a уравнения Максвелла 
610 1 |a переменный электрический ток 
610 1 |a учебники 
675 |a 537.8(075.8)  |v 3 
700 1 |a Иванов  |b А. Е.  |g Анатолий Ефремович 
701 1 |a Иванов  |b С. А.  |g Сергей Анатольевич 
801 1 |a RU  |b 63413507  |c 20111109 
801 2 |a RU  |b 63413507  |c 20150515  |g RCR 
900 |a Электродинамика 
942 |c BK 
959 |a 91/20111108  |d 2  |e 0,00  |f ЧЗТЛ:1  |f АНЛ:1 
959 |a 11/20120201  |d 2  |e 600,00  |f ЧЗТЛ:1  |f АНЛ:1 
959 |a 88/20120531  |d 5  |e 600,00  |f ЧЗТЛ:1  |f АНЛ:1  |f УФ:3